Przyporządkuj powiat województwa warmińsko-mazurskiego do rejestracji - Statystyki

Ogólne statystyki
  • Ten quiz został rozwiązany 20 razy
  • Średni wynik to 14 z 21
Odpowiedzi na mapie
Odpowiedzi zakodowano w zielono-czerwonej skali na mapie do tego quizu, zgodnie z poniższymi procentami.
 
Statystyki odpowiedzi
Odpowiedź % Poprawnych
NOL
88%
NEB
81%
NBA
75%
NE
75%
NIL
75%
NLI
75%
NNI
75%
NO
75%
NSZ
75%
NBR
69%
NKE
69%
NMR
69%
NNM
69%
NOS
69%
NPI
69%
NGO
63%
NWE
63%
NGI
56%
NOE
50%
NDZ
38%
NEL
31%
Nie znaleziono quizów pasujących do podanych kryteriów
Rozkład punktacji
Procent ludzi z każdym wynikiem
Percentyl według liczby udzielonych odpowiedzi
Twoja historia wyników
Nie rozwiązałeś tego quizu